000 00688nam a2200289Ia 4500
005 20260324125437.0
008 008 260324s9999 xx 000 0 eng d
020 _a9781315609867
037 _aEBOOK
040 _aCRL
040 _beng
040 _cCRL
041 _2eng
041 _aeng
084 _qCRL
100 _aSamantha Murray; Nikki Sullivan
_91178007
245 0 _aSomatechnics
245 0 _bQueering the Technologisation of Bodies
260 _bTaylor and Francis
260 _c2009
365 _a
365 _b255
856 _uhttp://www.taylorfrancis.com/books/9781315609867
942 _cEBOOK
999 _c1773267
_d1773267